| 000 | 01815nam a2200457 i 4500 | ||
|---|---|---|---|
| 001 | 39198 | ||
| 003 | KOSZ 005 | ||
| 005 | 20240405063126.0 | ||
| 008 | 981002s1996 enk g 001 0 pol | ||
| 020 | _z870027566 | ||
| 040 |
_aWA N _cWA N _dKOSZ 005/RW |
||
| 045 | 2 |
_bd1945 _bd1989 |
|
| 080 | _a94(438).083 | ||
| 080 | _a314.743 | ||
| 245 | 0 | 0 |
_aMateriały do dziejów polskiego uchodźstwa niepodległościowego 1939-1990 : _buzupełnienia do tomów I, II, V, VI : praca zbiorowa / _credakcja Zbigniew Błażyński. |
| 260 |
_aLondyn : _bPolskie Towarzystwo Naukowe na Obczyźnie, _c1996. |
||
| 300 |
_aXVI, 231 stron ; _c22 cm. |
||
| 336 |
_aTekst _btxt _2rdacontent |
||
| 337 |
_aBez urządzenia pośredniczącego _bn _2rdamedia |
||
| 338 |
_aWolumin _bnc _2rdacarrier |
||
| 380 | _aKsiążki. | ||
| 380 | _aPublikacje naukowe | ||
| 490 | 1 |
_aMateriały do Dziejów Polskiego Uchodźstwa Niepodległościowego ; _vt. 8. |
|
| 504 | _aBibliografia na stronach 192-193. Indeks. | ||
| 658 | _aHistoria | ||
| 658 | _aPolityka, politologia, administracja publiczna | ||
| 648 | 4 | _a1901-2000 | |
| 651 | 4 | _aPolska | |
| 655 | 4 | _aPraca zbiorowa | |
| 648 | 4 | _a1945-1989 | |
| 650 | 4 | _aPolityka | |
| 651 | 4 | _aWielka Brytania | |
| 650 | 4 | _aPolacy za granicą | |
| 610 | 2 | 4 | _aRząd Rzeczypospolitej Polskiej na uchodźstwie |
| 650 | 4 | _aOrganizacje polonijne | |
| 700 | 1 |
_aBłażyński, Zbigniew _d(1914-1996). _eRedakcja |
|
| 710 | 2 |
_aPolskie Towarzystwo Naukowe na Obczyźnie _4pbl. |
|
| 830 | 0 |
_aMateriały do Dziejów Polskiego Uchodźstwa Niepodległościowego ; _vt. 8. |
|
| 856 |
_uhttp://koha.tu.koszalin.pl/cgi-bin/koha/opac-detail.pl?biblionumber=39198 _yKatalog online BPK |
||
| 942 |
_2UKD _cKS |
||
| 999 |
_c39198 _d39198 |
||